لغات برمجة الويب : (رقم التسجيلة. 129585)

تفاصيل مارك
000 -LEADER
fixed length control field 01194cam a2200301 a 4500
003 - CONTROL NUMBER IDENTIFIER
control field EG-GiCUC
008 - FIXED-LENGTH DATA ELEMENTS--GENERAL INFORMATION
fixed length control field 130620s2004 ua a g 000 0 ara d
017 ## - COPYRIGHT OR LEGAL DEPOSIT NUMBER
Copyright or legal deposit number 2004 / 2375
Assigning agency مصر. دار الكتب.
020 ## - INTERNATIONAL STANDARD BOOK NUMBER
International Standard Book Number 977345617X
040 ## - CATALOGING SOURCE
Original cataloging agency EG-GiCUC
Language of cataloging ara
Transcribing agency EG-GiCUC
041 1# - LANGUAGE CODE
Language code of text/sound track or separate title ara
Language code of original eng
092 04 - LOCALLY ASSIGNED DEWEY CALL NUMBER (OCLC)
Classification number 004.678
Item number B3292
Edition number 21
099 ## - LOCAL FREE-TEXT CALL NUMBER (OCLC)
Classification number 04
-- 004.678 B3292
100 1# - MAIN ENTRY--PERSONAL NAME
Personal name بيتس: كريس
Fuller form of name (كريس د.)
245 10 - TITLE STATEMENT
Title لغات برمجة الويب :
Remainder of title انشاء تطبيقات الانترنت = Web programming : building internet applications /
Statement of responsibility, etc. تأليف كريس بيتس ؛ الترجمة باعتماد خالد العامرى
246 21 - VARYING FORM OF TITLE
Title proper/short title Web programming : building internet applications
250 ## - EDITION STATEMENT
Edition statement الطبعة العربية الاولى.
260 ## - PUBLICATION, DISTRIBUTION, ETC.
Place of publication, distribution, etc. القاهرة :
Name of publisher, distributor, etc. دار الفاروق :
Date of publication, distribution, etc. 2004
300 ## - PHYSICAL DESCRIPTION
Extent 728 ص. :
Other physical details ؛إيض
Dimensions 24سم.
650 #4 - SUBJECT ADDED ENTRY--TOPICAL TERM
Topical term or geographic name entry element الانترنت.
650 #4 - SUBJECT ADDED ENTRY--TOPICAL TERM
Topical term or geographic name entry element مواقع الويب
General subdivision تصميم
700 1# - ADDED ENTRY--PERSONAL NAME
Personal name العامرى: خالد.
902 ## - LOCAL DATA ELEMENT B, LDB (RLIN)
No. of Items 2
905 ## - LOCAL DATA ELEMENT E, LDE (RLIN)
Cataloger اميرة
Reviser مدخل
905 ## - LOCAL DATA ELEMENT E, LDE (RLIN)
Cataloger جيهان
Reviser مراجع
942 ## - ADDED ENTRY ELEMENTS (KOHA)
Source of classification or shelving scheme Dewey Decimal Classification
Koha item type Books
المقتنيات
Source of classification or shelving scheme Not for loan Home library Current library Date acquired Full call number Barcode Date last seen Koha item type
Dewey Decimal Classification   المكتبة المركزبة الجديدة - جامعة القاهرة مخزن الكتب - البدروم 11.02.2024 004.678 B3292 c.1 Store 01000100132118000 23.09.2023 Books
Dewey Decimal Classification   المكتبة المركزبة الجديدة - جامعة القاهرة مخزن الكتب - البدروم 11.02.2024 004.678 B3292 c.2 Store 01000100132119000 23.09.2023 Books
Cairo University Libraries Portal Implemented & Customized by: Eng. M. Mohamady Contacts: new-lib@cl.cu.edu.eg | cnul@cl.cu.edu.eg
CUCL logo CNUL logo
© All rights reserved — Cairo University Libraries
CUCL logo
Implemented & Customized by: Eng. M. Mohamady Contact: new-lib@cl.cu.edu.eg © All rights reserved — New Central Library
CNUL logo
Implemented & Customized by: Eng. M. Mohamady Contact: cnul@cl.cu.edu.eg © All rights reserved — Cairo National University Library